000
00335 a2200157 4500
001
192580
020
_a
1-40544-258-1
040
_c
Magnum
100
_a
Randall, Ronne
240
1
0
_a
The three little pigs
_l
ING
245
1
0
_a
The three little pigs
300
_a
20
362
0
_a
2004
697
_a
LITERATURA INGLESA
942
_c
BK
999
_c
192580
_d
192580